[Event "La Zubia op"]
[Site "La Zubia"]
[Date "2023.12.10"]
[Round "7"]
[White "De Santis, Alessio"]
[Black "Gamundi Salamanca, Antonio"]
[Result "1/2-1/2"]
[WhiteElo "2170"]
[BlackElo "2432"]
[PlyCount "21"]
[EventDate "2023.12.07"]
[EventType "swiss"]
[EventRounds "7"]
[EventCountry "ESP"]
[SourceTitle "CB50_2023"]
[SourceDate "2023.12.13"]
[SourceVersion "1"]
[SourceVersionDate "2023.12.13"]
[SourceQuality "1"]

1. d4 Nf6 2. c4 e6 3. g3 d5 4. Bg2 Be7 5. Nf3 0-0 6. 0-0 c6 7. Nc3 b6 8. b3 Nbd7 9. Nd2 Ba6 10. Bb2 b5 11. Bc1 1/2-1/2

[Event "La Zubia op"]
[Site "La Zubia"]
[Date "2023.12.09"]
[Round "5"]
[White "De Santis, Alessio"]
[Black "Gonzalez Castillo, Jose Javier"]
[Result "0-1"]
[WhiteElo "2170"]
[BlackElo "2179"]
[PlyCount "98"]
[EventDate "2023.12.07"]
[EventType "swiss"]
[EventRounds "7"]
[EventCountry "ESP"]
[SourceTitle "CB50_2023"]
[SourceDate "2023.12.13"]
[SourceVersion "1"]
[SourceVersionDate "2023.12.13"]
[SourceQuality "1"]

1. c4 Nf6 2. Nc3 c5 3. g3 g6 4. Bg2 Bg7 5. e4 0-0 6. Nge2 d6 7. 0-0 Nc6 8. d3 a6 9. h3 Rb8 10. a4 Ne8 11. Bg5 Nc7 12. Rb1 Ne6 13. Bd2 Nb4 14. Be3 Nc6 15. f4 Ned4 16. Kh2 Bd7 17. Bg1 e6 18. b3 Qa5 19. Nxd4 cxd4 20. Ne2 b5 21. axb5 axb5 22. b4 Qb6 23. e5 dxe5 24. fxe5 Bxe5 25. c5 Qd8 26. Qd2 Bg7 27. Ra1 e5 28. Ra6 Qc7 29. Rfa1 h5 30. Kh1 Ne7 31. Bh2 Bc6 32. Ng1 Rfd8 33. g4 hxg4 34. hxg4 Qc8 35. g5 Bxg2+ 36. Qxg2 Nd5 37. Nf3 Nxb4 38. Rf6 Ra8 39. Rxa8 Qxa8 40. Nxe5 Bxf6 41. gxf6 Qxg2+ 42. Kxg2 Rc8 43. Kf3 Rxc5 44. Ke4 Rc2 45. Bg1 Nc6 46. Nxc6 Rxc6 47. Bxd4 b4 48. Kd5 Rc8 49. Be5 b3 0-1

[Event "Altea Cap Negret op 50+ 1st"]
[Site "Altea"]
[Date "2023.11.16"]
[Round "6"]
[White "Maloberti, David"]
[Black "De Santis, Alessio"]
[Result "0-1"]
[WhiteElo "2027"]
[BlackElo "2183"]
[PlyCount "60"]
[EventDate "2023.11.12"]
[EventType "swiss"]
[EventRounds "8"]
[EventCountry "ESP"]
[SourceTitle "CB49_2023"]
[SourceDate "2023.12.06"]
[SourceVersion "1"]
[SourceVersionDate "2023.12.06"]
[SourceQuality "1"]

1. d4 Nf6 2. c4 c5 3. d5 b5 4. Qc2 g6 5. e4 d6 6. cxb5 Bg7 7. f4 0-0 8. Nf3 a6 9. Nc3 axb5 10. Bxb5 Ba6 11. a4 Bxb5 12. Nxb5 Qa5+ 13. Kf2 Na6 14. Bd2 Nb4 15. Qc4 Nd7 16. Bxb4 cxb4 17. Nfd4 Nb6 18. Qc7 Rac8 19. Qxe7 Bxd4+ 20. Nxd4 Qc5 21. Rhd1 Rfe8 22. Qb7 Rc7 23. Qa6 Rxe4 24. Rac1 Rxf4+ 25. Kg3 Qxd5 26. Kxf4 Rxc1 27. Rxc1 Qxd4+ 28. Kf3 Nd5 29. Re1 Qf6+ 30. Ke2 Nf4+ 0-1

[Event "Arco op 45th"]
[Site "Arco"]
[Date "2023.10.15"]
[Round "9"]
[White "Schellenberg, Simon"]
[Black "De Santis, Alessio"]
[Result "0-1"]
[WhiteElo "2044"]
[BlackElo "2181"]
[PlyCount "120"]
[EventDate "2023.10.07"]
[EventType "swiss"]
[EventRounds "9"]
[EventCountry "ITA"]
[SourceTitle "Mega2024 Update 01"]
[Source "Chessbase"]
[SourceDate "2023.11.12"]
[SourceVersion "1"]
[SourceVersionDate "2023.11.12"]
[SourceQuality "1"]

1. e4 c5 2. Nf3 e6 3. d4 cxd4 4. Nxd4 a6 5. c4 Nf6 6. Nc3 Qc7 7. a3 Nxe4 8. Nxe4 Qe5 9. Bd3 Qxd4 10. 0-0 Nc6 11. Qc2 f5 12. Ng3 Be7 13. Bd2 0-0 14. Bc3 Qh4 15. b4 d6 16. Rfe1 Bf6 17. Rad1 Bxc3 18. Qxc3 e5 19. Bf1 Rf6 20. c5 Rh6 21. Qc4+ Qxc4 22. Bxc4+ Kf8 23. cxd6 Bd7 24. a4 Rh4 25. Bd5 Nxb4 26. Rxe5 Nxd5 27. Rexd5 Rxa4 28. Nxf5 g6 29. Nd4 Rd8 30. Rc5 Bg4 31. f3 Rxd6 32. fxg4 Raxd4 33. Rc8+ Ke7 34. Rxd4 Rxd4 35. Rh8 b5 36. Rxh7+ Kf6 37. Rb7 Kg5 38. Rb6 Ra4 39. h3 b4 40. Kf2 a5 41. h4+ Kxg4 42. Rxg6+ Kxh4 43. Ke2 Ra2+ 44. Kd1 a4 45. Kc1 b3 46. Kb1 a3 47. Rb6 Rb2+ 48. Ka1 Kg3 49. Ra6 Ra2+ 50. Kb1 Kxg2 51. Rb6 Rb2+ 52. Ka1 Kf1 53. Ra6 Ra2+ 54. Kb1 Ke1 55. Rb6 Rb2+ 56. Ka1 Kd1 57. Rd6+ Rd2 58. Ra6 Kc1 59. Rc6+ Rc2 60. Rxc2+ bxc2 0-1

[Event "Bad Woerishofen op 38th"]
[Site "Bad Woerishofen"]
[Date "2023.03.11"]
[Round "9"]
[White "Balzer, Lars"]
[Black "De Santis, Alessio"]
[Result "1/2-1/2"]
[WhiteElo "2031"]
[BlackElo "2130"]
[PlyCount "50"]
[EventDate "2023.03.03"]
[EventType "swiss"]
[EventRounds "9"]
[EventCountry "GER"]
[SourceTitle "CBM 213 Extra"]
[Source "ChessBase"]
[SourceDate "2023.05.31"]
[SourceVersion "1"]
[SourceVersionDate "2023.05.31"]
[SourceQuality "1"]

1. e4 b6 2. d4 Bb7 3. Bd3 g6 4. f4 f5 5. Qe2 fxe4 6. Bxe4 Bxe4 7. Qxe4 Nc6 8. c3 Nf6 9. Qd3 e6 10. Nf3 Bg7 11. Ne5 Ne7 12. Nd2 0-0 13. Ne4 Nxe4 14. Qxe4 c5 15. dxc5 bxc5 16. 0-0 d5 17. Qe2 Qd6 18. Bd2 Rab8 19. Rab1 Rb6 20. Be3 Rb7 21. Rbd1 Nc6 22. Nxc6 Qxc6 23. Rfe1 Qb5 24. Qg4 Rf5 25. Bc1 Qa6 1/2-1/2

[Event "Arco Christmas op 12th"]
[Site "Arco"]
[Date "2022.12.29"]
[Round "5"]
[White "Lezzerini, Marco"]
[Black "De Santis, Alessio"]
[Result "1/2-1/2"]
[WhiteElo "2107"]
[BlackElo "2135"]
[PlyCount "36"]
[EventDate "2022.12.26"]
[EventType "swiss"]
[EventRounds "7"]
[EventCountry "ITA"]
[SourceTitle "CBM 212 Extra"]
[Source "ChessBase"]
[SourceDate "2023.03.31"]
[SourceVersion "1"]
[SourceVersionDate "2023.03.31"]
[SourceQuality "1"]

1. d4 b6 2. e4 Bb7 3. Nc3 e6 4. Bd3 g6 5. Nf3 Bg7 6. 0-0 d6 7. Be3 Ne7 8. Qd2 h6 9. Ne1 Nbc6 10. Ne2 a5 11. c3 d5 12. e5 Nf5 13. Ng3 Nce7 14. Qe2 Nxe3 15. fxe3 h5 16. Nf3 h4 17. Nh1 Nf5 18. Nf2 Qe7 1/2-1/2

[Event "Arco Christmas op 12th"]
[Site "Arco"]
[Date "2022.12.28"]
[Round "4"]
[White "De Santis, Alessio"]
[Black "Romagnoli, Franco"]
[Result "1-0"]
[WhiteElo "2135"]
[BlackElo "1935"]
[PlyCount "157"]
[EventDate "2022.12.26"]
[EventType "swiss"]
[EventRounds "7"]
[EventCountry "ITA"]
[SourceTitle "CBM 212 Extra"]
[Source "ChessBase"]
[SourceDate "2023.03.31"]
[SourceVersion "1"]
[SourceVersionDate "2023.03.31"]
[SourceQuality "1"]

1. d4 g6 2. e4 Bg7 3. h4 h6 4. Nc3 d6 5. Be3 Nf6 6. f3 Nbd7 7. Qd2 c6 8. Nge2 Qa5 9. a3 h5 10. Nc1 a6 11. b4 Qc7 12. Nb3 b5 13. Be2 Nb6 14. 0-0 Be6 15. Na5 0-0 16. Nd1 Nc4 17. Bxc4 bxc4 18. c3 d5 19. Bf4 Qc8 20. e5 Nd7 21. Re1 Nb6 22. Nf2 Ra7 23. Re2 Kh7 24. Rae1 Na4 25. Qc2 Nb6 26. Qc1 Na4 27. Bd2 Nb6 28. Bg5 Na4 29. Qc2 Nb6 30. Kh2 Bh6 31. Qd2 Bg7 32. Qe3 Na4 33. Rg1 Rh8 34. g3 Rc7 35. Qc1 Ra7 36. Qc2 Nb6 37. Kg2 Bf5 38. Qd1 Bh6 39. Bxh6 Kxh6 40. Re3 Kg7 41. g4 Be6 42. Kg3 Rc7 43. g5 Bf5 44. Rge1 Be6 45. Kg2 Bf5 46. Nh1 Nd7 47. Ng3 Nf8 48. R3e2 Bd3 49. Rf2 Bf5 50. Qd2 Be6 51. Ne2 Bf5 52. Nf4 Ne6 53. Nxe6+ Qxe6 54. Qf4 Ra8 55. Rfe2 Bd3 56. Re3 Bf5 57. Kg3 Bd3 58. Rxd3 cxd3 59. Rd1 Rf8 60. Rxd3 Qf5 61. Qxf5 gxf5 62. Nb3 e6 63. a4 Rb8 64. Nc5 Ra7 65. a5 Rb5 66. Nb3 Kg6 67. Kf4 Rab7 68. Rd2 Ra7 69. Nc1 Rb8 70. Nd3 Rb5 71. Ke3 Rb8 72. Nf4+ Kg7 73. Nxh5+ Kh7 74. Nf6+ Kg6 75. Kf4 Rh8 76. h5+ Rxh5 77. Nxh5 Kxh5 78. Rh2+ Kg6 79. Rh8 1-0

[Event "Sitges Sunway op 9th"]
[Site "Sitges"]
[Date "2022.12.12"]
[Round "1"]
[White "De Santis, Alessio"]
[Black "Karthikeyan, Murali"]
[Result "0-1"]
[WhiteElo "2159"]
[BlackElo "2620"]
[PlyCount "64"]
[EventDate "2022.12.12"]
[EventType "swiss"]
[EventRounds "10"]
[EventCountry "ESP"]
[SourceTitle "CBM 211 Extra"]
[Source "ChessBase"]
[SourceDate "2023.01.31"]
[SourceVersion "1"]
[SourceVersionDate "2023.01.31"]
[SourceQuality "1"]

1. b3 d5 2. Bb2 Bf5 3. Nf3 e6 4. g3 h6 5. Bg2 Nf6 6. 0-0 Be7 7. d3 0-0 8. Nbd2 a5 9. a3 Nbd7 10. c4 c6 11. Bc3 Qc7 12. Qb1 e5 13. cxd5 cxd5 14. Rc1 Qb6 15. e4 Bh7 16. b4 Ng4 17. Rf1 Rfc8 18. bxa5 Qxb1 19. Nxb1 dxe4 20. dxe4 Bxe4 21. Bb4 Bc5 22. h3 Bxf2+ 23. Rxf2 Nxf2 24. Kxf2 Rc1 25. Nfd2 Bxg2 26. Kxg2 Nc5 27. Ra2 Nd3 28. Ra1 Rd8 29. g4 Nxb4 30. axb4 Rxd2+ 31. Nxd2 Rxa1 32. Nc4 Rb1 0-1

[Event "Wch Seniors 50 30th"]
[Site "Assisi"]
[Date "2022.11.18"]
[Round "4"]
[White "Terentiev, Sergei"]
[Black "De Santis, Alessio"]
[Result "1/2-1/2"]
[WhiteElo "2274"]
[BlackElo "2135"]
[PlyCount "77"]
[EventDate "2022.11.15"]
[EventType "swiss"]
[EventRounds "11"]
[EventCountry "ITA"]
[SourceTitle "CBM 211 Extra"]
[Source "ChessBase"]
[SourceDate "2023.01.31"]
[SourceVersion "1"]
[SourceVersionDate "2023.01.31"]
[SourceQuality "1"]

1. c4 c5 2. Nf3 b6 3. Nc3 Bb7 4. e4 d6 5. g3 Nf6 6. d3 g6 7. Bg2 Bg7 8. 0-0 0-0 9. h3 Nc6 10. Be3 e5 11. Qd2 Nd4 12. Nh2 a6 13. Bxd4 exd4 14. Ne2 Ra7 15. f4 b5 16. b3 Nd7 17. f5 Ne5 18. Ng4 Nxg4 19. hxg4 g5 20. a4 b4 21. Kf2 Be5 22. Rh1 f6 23. Rh6 Bc8 24. Bf3 a5 25. Nf4 Rg7 26. Rah1 Rff7 27. Nh5 Bd7 28. Kf1 Qe7 29. Qh2 Be8 30. Bd1 Bd7 31. Qd2 Be8 32. Rh3 Rf8 33. Nxg7 Qxg7 34. Kg2 Qe7 35. Kf3 Rf7 36. Qh2 Rg7 37. Qh1 Kh8 38. Qg2 Kg8 39. Qh1 1/2-1/2

[Event "Wch Seniors 50 30th"]
[Site "Assisi"]
[Date "2022.11.17"]
[Round "3"]
[White "De Santis, Alessio"]
[Black "Estremera Panos, Sergio"]
[Result "1/2-1/2"]
[WhiteElo "2135"]
[BlackElo "2259"]
[PlyCount "88"]
[EventDate "2022.11.15"]
[EventType "swiss"]
[EventRounds "11"]
[EventCountry "ITA"]
[SourceTitle "CBM 211 Extra"]
[Source "ChessBase"]
[SourceDate "2023.01.31"]
[SourceVersion "1"]
[SourceVersionDate "2023.01.31"]
[SourceQuality "1"]

1. Nf3 c5 2. c4 Nf6 3. g3 Nc6 4. Bg2 e5 5. Nc3 Be7 6. d3 0-0 7. Bg5 d6 8. 0-0 Bg4 9. a3 Qd7 10. Rb1 Rae8 11. b4 b6 12. b5 Nb8 13. Qd2 Qe6 14. Bxf6 Bxf6 15. Ng5 Bxg5 16. Qxg5 h6 17. Qd2 Nd7 18. Nd5 Rd8 19. e3 Nf6 20. a4 Nxd5 21. Bxd5 Qc8 22. a5 Be6 23. e4 Bxd5 24. cxd5 f5 25. Kg2 Rf6 26. axb6 axb6 27. f3 Rdf8 28. Qa2 Qe8 29. exf5 Rxf5 30. Qc4 Qg6 31. Qe4 Qg5 32. h4 Qd2+ 33. Rf2 Qa5 34. Qc4 Qa7 35. Rbb2 Qf7 36. Qe4 Qd7 37. Qc4 Qf7 38. Qe4 Rf6 39. Ra2 Qe8 40. Qc4 Rg6 41. Rfe2 Qf7 42. Qe4 Rf6 43. Rf2 Qe8 44. Qc4 Qf7 1/2-1/2

[Event "Arco op 44th"]
[Site "Arco"]
[Date "2022.10.14"]
[Round "7"]
[White "Mattenberger, Matthias"]
[Black "De Santis, Alessio"]
[Result "0-1"]
[WhiteElo "2025"]
[BlackElo "2159"]
[PlyCount "220"]
[EventDate "2022.10.08"]
[EventType "swiss"]
[EventRounds "9"]
[EventCountry "ITA"]
[SourceTitle "CBM 210 Extra"]
[Source "ChessBase"]
[SourceDate "2022.11.30"]
[SourceVersion "1"]
[SourceVersionDate "2022.11.30"]
[SourceQuality "1"]

1. d4 Nf6 2. c4 e6 3. Nc3 Bb4 4. e3 b6 5. Nge2 Ba6 6. a3 Bxc3+ 7. Nxc3 d5 8. b3 0-0 9. Be2 Nc6 10. cxd5 Bxe2 11. Nxe2 Qxd5 12. 0-0 Rfd8 13. Qc2 Rac8 14. Bb2 Na5 15. b4 Nb7 16. Rac1 c6 17. Rfd1 Nd6 18. Qa4 Nc4 19. Qb3 b5 20. Nf4 Qe4 21. h3 Nd5 22. Nd3 Ndb6 23. Nc5 Qh4 24. e4 a5 25. bxa5 Nxa5 26. Qc3 Nac4 27. f3 Nxb2 28. Qxb2 Nc4 29. Qc3 Ra8 30. a4 Qg5 31. axb5 cxb5 32. Ra1 Qe3+ 33. Qxe3 Nxe3 34. Rxa8 Rxa8 35. Rd3 Nc4 36. Rb3 Rb8 37. Nd3 Na5 38. Rc3 Rd8 39. Rc5 Nb3 40. Rxb5 Nxd4 41. Rb2 h6 42. Kf2 Nxf3 43. Kxf3 Rxd3+ 44. Ke2 Rd4 45. Ke3 e5 46. Rb5 f6 47. Rb7 Ra4 48. h4 Ra3+ 49. Kf2 h5 50. Rc7 Kh7 51. Rb7 Kh6 52. Rb6 Ra1 53. g3 Ra2+ 54. Kf3 Ra3+ 55. Kf2 Kh7 56. Rc6 Ra7 57. Kf3 Kh6 58. Rb6 Rf7 59. Rc6 g5 60. hxg5+ Kxg5 61. Rc8 Ra7 62. Rg8+ Kh6 63. Rh8+ Kg6 64. Rg8+ Rg7 65. Rb8 Ra7 66. Rg8+ Kh7 67. Rb8 Ra3+ 68. Kf2 Ra2+ 69. Kf3 Rh2 70. Rc8 Kg6 71. Rg8+ Kf7 72. Rh8 Kg7 73. Rc8 h4 74. gxh4 Rxh4 75. Rb8 Rf4+ 76. Ke3 Kg6 77. Rg8+ Kf7 78. Ra8 Rh4 79. Kf3 Rh3+ 80. Kg4 Re3 81. Ra4 Kg6 82. Rb4 Rd3 83. Rb8 Re3 84. Rb4 Re1 85. Ra4 Rf1 86. Rb4 Rf4+ 87. Kg3 Kg5 88. Ra4 f5 89. Ra8 Rxe4 90. Rg8+ Kf6 91. Rf8+ Ke6 92. Re8+ Kd7 93. Ra8 Re3+ 94. Kf2 Rc3 95. Ke2 Ke6 96. Re8+ Kd5 97. Kd2 Ra3 98. Rb8 f4 99. Ke2 Ke4 100. Rb4+ Kf5 101. Rb5 f3+ 102. Kf2 Kf4 103. Rb8 Ra2+ 104. Kf1 e4 105. Kg1 Ra1+ 106. Kh2 f2 107. Rf8+ Ke3 108. Kg2 Rg1+ 109. Kh2 f1Q 110. Rf3+ Qxf3 0-1

[Event "Arco op 44th"]
[Site "Arco"]
[Date "2022.10.08"]
[Round "1"]
[White "Rusek, Walter"]
[Black "De Santis, Alessio"]
[Result "1/2-1/2"]
[WhiteElo "1743"]
[BlackElo "2159"]
[PlyCount "82"]
[EventDate "2022.10.08"]
[EventType "swiss"]
[EventRounds "9"]
[EventCountry "ITA"]
[SourceTitle "CBM 210 Extra"]
[Source "ChessBase"]
[SourceDate "2022.11.30"]
[SourceVersion "1"]
[SourceVersionDate "2022.11.30"]
[SourceQuality "1"]

1. d4 Nf6 2. c4 c5 3. d5 b5 4. Nd2 b4 5. e4 d6 6. Ngf3 g6 7. Bd3 Bg7 8. 0-0 0-0 9. e5 Ng4 10. exd6 exd6 11. h3 Nf6 12. Ne4 Nxe4 13. Bxe4 Nd7 14. Qc2 Ne5 15. Nxe5 Bxe5 16. a3 Rb8 17. axb4 Rxb4 18. Rxa7 Qb6 19. Ra8 Qb7 20. Ra2 Bd7 21. Bd2 Rxb2 22. Rxb2 Qxb2 23. Qxb2 Bxb2 24. Rb1 Be5 25. Kf1 f5 26. Bd3 f4 27. Rb7 Rf7 28. Be2 Bf5 29. Rxf7 Kxf7 30. Ke1 Kf6 31. Ba5 g5 32. Kd2 h6 33. Bd8+ Kf7 34. Bh5+ Kg7 35. Be2 Be4 36. f3 Bf5 37. Ba5 Kf7 38. Bd3 Bd7 39. Bc7 Ke7 40. Be2 Bd4 41. Ba5 Be3+ 1/2-1/2

[Event "Arco Christmas op 11th"]
[Site "Arco"]
[Date "2021.12.28"]
[Round "4"]
[White "De Santis, Alessio"]
[Black "Bevilacqua, Maurizio"]
[Result "1/2-1/2"]
[WhiteElo "2186"]
[BlackElo "2030"]
[PlyCount "54"]
[EventDate "2021.12.26"]
[EventType "swiss"]
[EventRounds "7"]
[EventCountry "ITA"]
[SourceTitle "CBM 205 Extra"]
[Source "ChessBase"]
[SourceDate "2022.01.31"]
[SourceVersion "1"]
[SourceVersionDate "2022.01.31"]
[SourceQuality "1"]

1. b3 e5 2. Bb2 Nc6 3. c4 f5 4. e3 Nf6 5. Nf3 d6 6. d4 e4 7. d5 Ne7 8. Nd4 Ng6 9. Nc3 Be7 10. Qc2 0-0 11. 0-0-0 Qe8 12. h3 Bd8 13. Qd2 Kh8 14. Be2 Ne5 15. f4 exf3 16. gxf3 c5 17. Nc2 a6 18. f4 Nf7 19. Rdg1 Rg8 20. Qe1 b5 21. Rh2 bxc4 22. Bxc4 Ra7 23. Rhg2 Nh6 24. Qh4 Nh5 25. Qf2 Nf6 26. Qh4 Nh5 27. Qf2 Nf6 1/2-1/2

[Event "Sitges Sunway op 8th"]
[Site "Sitges"]
[Date "2021.12.14"]
[Round "2"]
[White "Pranav, Anand"]
[Black "De Santis, Alessio"]
[Result "1-0"]
[WhiteElo "2416"]
[BlackElo "2186"]
[PlyCount "99"]
[EventDate "2021.12.13"]
[EventType "swiss"]
[EventRounds "10"]
[EventCountry "ESP"]
[SourceTitle "CBM 205 Extra"]
[Source "ChessBase"]
[SourceDate "2022.01.31"]
[SourceVersion "1"]
[SourceVersionDate "2022.01.31"]
[SourceQuality "1"]

1. e4 c5 2. Nf3 e6 3. d4 cxd4 4. Nxd4 a6 5. Nc3 Qc7 6. Bd3 b5 7. 0-0 Bb7 8. Re1 Nf6 9. e5 Nd5 10. Bd2 Nxc3 11. bxc3 Nc6 12. Qh5 g6 13. Qe2 Bg7 14. Nf3 Na5 15. a4 Nc4 16. Bf4 0-0 17. axb5 axb5 18. Rxa8 Rxa8 19. Nd4 Qc5 20. h4 Ra3 21. Nb3 Qc6 22. f3 Qb6+ 23. Kh2 Bd5 24. h5 Qd8 25. Qf2 g5 26. Bg3 h6 27. Qc5 Qb6 28. Qxb6 Nxb6 29. Bxb5 Bxb3 30. cxb3 Rxb3 31. c4 Rb4 32. Re4 f5 33. exf6 Bxf6 34. Bc7 Nxc4 35. Bxc4 Rb7 36. Bg3 Kf7 37. Re2 d5 38. Bd3 Bd4 39. Rc2 Ra7 40. Rc8 Ra1 41. Rc7+ Kf8 42. Bd6+ Kg8 43. Re7 Re1 44. Bf5 Be5+ 45. Bxe5 Rxe5 46. Bg4 Kf8 47. Rxe6 Rxe6 48. Bxe6 d4 49. Bc4 Ke7 50. Kg3 1-0

[Event "Arco op 43rd"]
[Site "Arco"]
[Date "2021.10.16"]
[Round "8"]
[White "Hartz, Erik"]
[Black "De Santis, Alessio"]
[Result "0-1"]
[WhiteElo "1997"]
[BlackElo "2191"]
[PlyCount "52"]
[EventDate "2021.10.09"]
[EventType "swiss"]
[EventRounds "9"]
[EventCountry "ITA"]
[SourceTitle "CBM 204 Extra"]
[Source "ChessBase"]
[SourceDate "2021.11.30"]
[SourceVersion "1"]
[SourceVersionDate "2021.11.30"]
[SourceQuality "1"]

1. c4 c5 2. g3 h5 3. h4 Nc6 4. Bg2 g6 5. Nc3 Bg7 6. Nf3 Nh6 7. 0-0 d6 8. a3 a5 9. d4 cxd4 10. Nb5 Nf5 11. Qc2 0-0 12. c5 d5 13. Bd2 a4 14. Rad1 Bd7 15. e4 dxe3 16. Bxe3 Nxe3 17. fxe3 Bf5 18. Qd2 Qa5 19. Qxa5 Rxa5 20. Nfd4 Bg4 21. Rd2 Bh6 22. Re1 e5 23. Nxc6 bxc6 24. Nd6 Rxc5 25. Rf2 f5 26. Bf1 Rb8 0-1

[Event "Arco op 43rd"]
[Site "Arco"]
[Date "2021.10.13"]
[Round "5"]
[White "De Santis, Alessio"]
[Black "Borgo, Giulio"]
[Result "1/2-1/2"]
[WhiteElo "2191"]
[BlackElo "2353"]
[PlyCount "26"]
[EventDate "2021.10.09"]
[EventType "swiss"]
[EventRounds "9"]
[EventCountry "ITA"]
[SourceTitle "CBM 204 Extra"]
[Source "ChessBase"]
[SourceDate "2021.11.30"]
[SourceVersion "1"]
[SourceVersionDate "2021.11.30"]
[SourceQuality "1"]

1. Nf3 d5 2. e3 Nf6 3. c4 e6 4. b3 dxc4 5. Bxc4 a6 6. Bb2 b5 7. Be2 Bb7 8. 0-0 Nbd7 9. d4 Be7 10. Nbd2 0-0 11. a4 bxa4 12. Rxa4 c5 13. Qa1 cxd4 1/2-1/2

[Event "Arco op 43rd"]
[Site "Arco"]
[Date "2021.10.10"]
[Round "2"]
[White "Cluyts, Marc"]
[Black "De Santis, Alessio"]
[Result "1/2-1/2"]
[WhiteElo "1959"]
[BlackElo "2191"]
[PlyCount "30"]
[EventDate "2021.10.09"]
[EventType "swiss"]
[EventRounds "9"]
[EventCountry "ITA"]
[SourceTitle "CBM 204 Extra"]
[Source "ChessBase"]
[SourceDate "2021.11.30"]
[SourceVersion "1"]
[SourceVersionDate "2021.11.30"]
[SourceQuality "1"]

1. e4 c5 2. Nc3 e6 3. f4 Qc7 4. Nf3 a6 5. d4 cxd4 6. Nxd4 b5 7. Bd3 Bb7 8. Qe2 Nf6 9. e5 b4 10. Na4 Nd5 11. Bd2 Nc6 12. Nf3 h6 13. 0-0 Nb6 14. Nxb6 Qxb6+ 15. Kh1 g6 1/2-1/2